000 01149cam a2200361 a 4500
001 1371823
003 OSt
005 20260310085104.0
008 811221s1982 enka b 001 0 eng
010 _a 81023604
020 _a0582608961
020 _a9780582608962
035 _a1371823
040 _aSEKU
_cLCC
_dDLC
_dOCoLC
043 _aw------
050 0 0 _aSF85.4
_b.T76 H4 1982
082 0 0 _a633.2/02
_219
100 1 _aHeady, Harold F.
245 1 0 _aRange and wildlife management in the tropics /
_cHarold F. Heady and Eleanor B. Heady.
260 _aLondon ;
_aNew York :
_bLongman,
_c1982.
300 _axiv, 140 p. :
_bill. ;
_c22 cm.
336 _atext
_btxt
_2rdacontent
337 _aunmediated
_bn
_2rdamedia
338 _avolume
_bnc
_2rdacarrier
440 0 _aIntermediate tropical agriculture series
504 _aIncludes bibliographies and index.
650 0 _aRange management
_zTropics.
650 0 _aWildlife management
_zTropics.
700 1 _aHeady, Eleanor B.
906 _a7
_bcbc
_corignew
_d1
_eocip
_f19
_gy-gencatlg
942 _2lcc
_cGEN
999 _c18789
_d18789